000
00209 a2200097 4500
001
29788
100
_a
AMC
245
_a
Engg Disingn Balastic Series Aerodynamic
260
_a
_b
AMC
_c
090
_c
19805
_d
19805
942
_a
NUST-CAE
_c
M
_c
10897
999
_c
264861
_d
264861